[Event "Oberliga Sued W 1920"]
[Site "Germany"]
[Date "2020.02.09"]
[Round "6.4"]
[White "Gross, Georg"]
[Black "Spielmann, Alain"]
[Result "0-1"]
[WhiteElo "2246"]
[BlackElo "2213"]
[PlyCount "80"]
[EventDate "2019.09.29"]
[EventType "team-tourn"]
[EventRounds "9"]
[EventCountry "GER"]
[SourceTitle "EXT 2021"]
[Source "ChessBase"]
[SourceDate "2020.10.23"]
[SourceVersion "1"]
[SourceVersionDate "2020.10.23"]
[SourceQuality "1"]

1. d4 Nf6 2. Nf3 c5 3. d5 d6 4. Nc3 g6 5. e4 Bg7 6. Bc4 0-0 7. 0-0 Bg4 8. h3 Bxf3 9. Qxf3 Nbd7 10. Be2 Rb8 11. Re1 Ne8 12. Qg3 Nc7 13. a4 a6 14. Nd1 b5 15. axb5 axb5 16. Qh4 Re8 17. Bg5 Bf6 18. Ra7 Ra8 19. Rxa8 Qxa8 20. Bg4 Bxg5 21. Qxg5 Nf6 22. f4 Qa4 23. b3 Qd4+ 24. Nf2 Kg7 25. Bf3 Ra8 26. Qg3 Ra1 27. Rxa1 Qxa1+ 28. Kh2 Qc1 29. e5 Nfxd5 30. f5 dxe5 31. Bxd5 Nxd5 32. Qxe5+ Nf6 33. Nd3 Qxc2 34. Nxc5 Qxf5 35. Qxe7 h5 36. Qe3 Kh7 37. Nd3 Kg7 38. Qd4 Qd5 39. Qc3 Qe6 40. Qb4 Kh7 0-1

[Event "Oberliga Sued W 1920"]
[Site "Germany"]
[Date "2019.10.20"]
[Round "2.4"]
[White "Gross, Georg"]
[Black "Friedrich, Marius"]
[Result "1-0"]
[WhiteElo "2275"]
[BlackElo "2092"]
[PlyCount "61"]
[EventDate "2019.09.29"]
[EventType "team-tourn"]
[EventRounds "9"]
[EventCountry "GER"]
[SourceTitle "EXT 2021"]
[Source "ChessBase"]
[SourceDate "2020.10.23"]
[SourceVersion "1"]
[SourceVersionDate "2020.10.23"]
[SourceQuality "1"]

1. d4 d5 2. Nf3 Nf6 3. c4 c6 4. g3 g6 5. Bg2 Bg7 6. 0-0 0-0 7. cxd5 cxd5 8. Nc3 Nc6 9. Bf4 Ne4 10. Ne5 Nxc3 11. bxc3 Na5 12. e4 e6 13. Qf3 dxe4 14. Qxe4 Bd7 15. Rfd1 Ba4 16. Rd2 Bc6 17. Nxc6 Nxc6 18. Rad1 Qa5 19. c4 Bxd4 20. Rxd4 Nxd4 21. Rxd4 Qxa2 22. Bh3 Rad8 23. Bd6 Rfe8 24. Qe5 a5 25. Kg2 b6 26. Bg4 Qb2 27. h4 f5 28. Bf3 Kf7 29. h5 Rg8 30. c5 bxc5 31. Qxc5 1-0

[Event "Oberliga Sued W 1819"]
[Site "Germany"]
[Date "2019.04.07"]
[Round "9.3"]
[White "Gross, Georg"]
[Black "Schulz, Klaus Juergen"]
[Result "1-0"]
[WhiteElo "2253"]
[BlackElo "2339"]
[PlyCount "53"]
[EventDate "2018.10.21"]
[EventType "team-tourn"]
[EventRounds "9"]
[EventCountry "GER"]
[SourceTitle "EXT 2020"]
[Source "ChessBase"]
[SourceDate "2019.10.17"]
[SourceVersion "1"]
[SourceVersionDate "2019.10.17"]
[SourceQuality "1"]
[WhiteTeam "Saarbruecken Gambit"]
[BlackTeam "Heimbach Weis/Neuwied"]
[WhiteTeamCountry "GER"]
[BlackTeamCountry "GER"]

1. d4 d5 2. Nf3 Nf6 3. c4 dxc4 4. Nc3 a6 5. e4 b5 6. e5 Nd5 7. a4 Nxc3 8. bxc3 Bb7 9. e6 f6 10. Be3 Qd5 11. Qb1 Nc6 12. Nd2 Nd8 13. Rg1 c6 14. Be2 Qxe6 15. Ne4 Qf7 16. Nc5 e6 17. Nxb7 Qxb7 18. Bf3 Bd6 19. g4 Rb8 20. axb5 axb5 21. Be4 Ra8 22. Rxa8 Qxa8 23. Ke2 Bxh2 24. Rh1 Qb8 25. Bxh7 Kf8 26. Bg6 Nf7 27. Qe4 1-0

[Event "Oberliga Sued W 1819"]
[Site "Germany"]
[Date "2019.03.24"]
[Round "8.5"]
[White "Kargoll, Peter"]
[Black "Gross, Georg"]
[Result "0-1"]
[WhiteElo "2164"]
[BlackElo "2253"]
[PlyCount "76"]
[EventDate "2018.10.21"]
[EventType "team-tourn"]
[EventRounds "9"]
[EventCountry "GER"]
[SourceTitle "EXT 2020"]
[Source "ChessBase"]
[SourceDate "2019.10.17"]
[SourceVersion "1"]
[SourceVersionDate "2019.10.17"]
[SourceQuality "1"]
[WhiteTeam "Frankenthal"]
[BlackTeam "Saarbruecken Gambit"]
[WhiteTeamCountry "GER"]
[BlackTeamCountry "GER"]

1. d4 Nc6 2. Bf4 d6 3. Nf3 g6 4. c3 Bg7 5. e4 Nf6 6. Bd3 0-0 7. d5 e5 8. Bg5 Ne7 9. h3 Nh5 10. g4 Nf4 11. Bxf4 exf4 12. Nbd2 c6 13. dxc6 bxc6 14. Qc2 Rb8 15. Kf1 d5 16. exd5 cxd5 17. Rb1 Qa5 18. b4 Qc7 19. c4 dxc4 20. Bxc4 Nd5 21. a3 Bb7 22. Qb3 Nb6 23. Bd3 Bd5 24. Qc2 Qb7 25. Be4 Rbc8 26. Qd3 Rc3 27. Bxd5 Nxd5 28. Qe4 Rxa3 29. Kg2 Qa8 30. Rhe1 Bc3 31. Kg1 Bxd2 32. Nxd2 Rxh3 33. Qg2 Rd3 34. Rb2 f3 35. Qg3 Nc3 36. Qe5 Ne2+ 37. Kf1 Re8 38. Qh2 Qd5 0-1

[Event "Oberliga Sued W 1819"]
[Site "Germany"]
[Date "2019.01.20"]
[Round "5.5"]
[White "Kaster, Martin"]
[Black "Gross, Georg"]
[Result "1/2-1/2"]
[WhiteElo "2083"]
[BlackElo "2253"]
[PlyCount "131"]
[EventDate "2018.10.21"]
[EventType "team-tourn"]
[EventRounds "9"]
[EventCountry "GER"]
[SourceTitle "EXT 2020"]
[Source "ChessBase"]
[SourceDate "2019.10.17"]
[SourceVersion "1"]
[SourceVersionDate "2019.10.17"]
[SourceQuality "1"]
[WhiteTeam "Altenkirchen"]
[BlackTeam "Saarbruecken Gambit"]
[WhiteTeamCountry "GER"]
[BlackTeamCountry "GER"]

1. d4 Nc6 2. d5 Nb8 3. c4 e5 4. g3 Bc5 5. Nc3 Nf6 6. Nf3 d6 7. Bg2 0-0 8. 0-0 Bf5 9. Ne1 a5 10. Nd3 Bd4 11. Nb5 Bb6 12. Bg5 Nbd7 13. e4 Bg6 14. Qe2 h6 15. Be3 Bxe3 16. Qxe3 Ng4 17. Qe2 h5 18. h3 Nh6 19. f4 f5 20. fxe5 dxe5 21. Nc3 Qg5 22. Kh2 f4 23. gxf4 exf4 24. Qf2 Nf6 25. Bf3 Rae8 26. Rae1 Nf7 27. Qg2 Qh6 28. Bd1 Nd6 29. Nxf4 Bxe4 30. Nxe4 Rxe4 31. Ne6 Rxe1 32. Rxe1 Re8 33. c5 Nf5 34. Rg1 h4 35. Qg5 Qxg5 36. Rxg5 Ne3 37. Bb3 Nexd5 38. Nxc7 Re2+ 39. Kg1 a4 40. Bxd5+ Nxd5 41. Nxd5 Rxb2 42. Nc3 a3 43. Rg2 Kf7 44. Rxb2 axb2 45. Kf2 Ke6 46. Ke3 Ke5 47. a4 Ke6 48. Kd4 Kd7 49. Kd3 Kc6 50. Kc2 Kxc5 51. Kxb2 Kb4 52. Kc2 Kc4 53. Kd2 b6 54. Kc2 Kd4 55. Kb3 g5 56. Kb4 g4 57. hxg4 h3 58. Ne2+ Ke3 59. Ng3 Kf4 60. Nh1 h2 61. g5 Kxg5 62. Kb5 Kf4 63. Kxb6 Kf3 64. a5 Kg2 65. a6 Kxh1 66. a7 1/2-1/2

[Event "Oberliga Sued W 1819"]
[Site "Germany"]
[Date "2018.11.11"]
[Round "2.3"]
[White "Gross, Georg"]
[Black "Kling, Felix"]
[Result "1-0"]
[WhiteElo "2253"]
[BlackElo "2183"]
[PlyCount "127"]
[EventDate "2018.10.21"]
[EventType "team-tourn"]
[EventRounds "9"]
[EventCountry "GER"]
[SourceTitle "EXT 2020"]
[Source "ChessBase"]
[SourceDate "2019.10.17"]
[SourceVersion "1"]
[SourceVersionDate "2019.10.17"]
[SourceQuality "1"]
[WhiteTeam "Saarbruecken Gambit"]
[BlackTeam "Gau Algesheim"]
[WhiteTeamCountry "GER"]
[BlackTeamCountry "GER"]

1. d4 d5 2. Nf3 Nf6 3. c4 c6 4. Nc3 dxc4 5. g3 g6 6. Bg2 Bg7 7. 0-0 0-0 8. Ne5 Ng4 9. Nf3 e5 10. Bg5 Qa5 11. h3 exd4 12. Ne4 Ne5 13. Nxd4 Nbd7 14. f4 Nd3 15. exd3 Bxd4+ 16. Kh2 cxd3 17. Qxd3 Bxb2 18. Rab1 Bg7 19. Nd6 Nf6 20. f5 Bxf5 21. Nxf5 gxf5 22. Bxf6 Bxf6 23. Rxf5 Qc3 24. Qf1 Bg7 25. Rxb7 f6 26. Qb1 Rad8 27. Rh5 Qd3 28. Qc1 Rf7 29. Rxf7 Kxf7 30. Qxc6 Qd7 31. Qc4+ Kf8 32. Rxh7 Qe7 33. Rh5 Rd2 34. Rc5 Bh6 35. Rc8+ Rd8 36. Rc6 Rd6 37. h4 Rxc6 38. Qxc6 Be3 39. Bd5 Bb6 40. Qc8+ Bd8 41. Qg4 Qe5 42. Be6 Ke7 43. Bc8 Bb6 44. Qg7+ Kd6 45. Qd7+ Kc5 46. Qd2 Kc6 47. a4 Qd4 48. Qg2+ Kd6 49. h5 Qe3 50. Bb7 Ke7 51. Kh3 Qe5 52. Bf3 Be3 53. Qc2 Kd6 54. Qd3+ Ke7 55. h6 f5 56. h7 Bd4 57. Qa6 Qf6 58. Qb7+ Kd6 59. Kg2 Qe5 60. Qf7 Qf6 61. Qe8 Qe5 62. Qd8+ Ke6 63. Kh3 Qf6 64. Bd5+ 1-0

[Event "Oberliga Sued W 1718"]
[Site "Germany"]
[Date "2018.04.15"]
[Round "11.5"]
[White "Gross, Georg"]
[Black "Kaster, Martin"]
[Result "1-0"]
[WhiteElo "2237"]
[BlackElo "2091"]
[PlyCount "81"]
[EventDate "2017.09.10"]
[EventType "team-tourn"]
[EventRounds "11"]
[EventCountry "GER"]
[SourceTitle "EXT 2019"]
[Source "ChessBase"]
[SourceDate "2018.10.10"]
[SourceVersion "1"]
[SourceVersionDate "2018.10.10"]
[SourceQuality "1"]
[WhiteTeam "Saarbruecken Gambit"]
[BlackTeam "Altenkirchen"]
[WhiteTeamCountry "GER"]
[BlackTeamCountry "GER"]

1. d4 f5 2. g3 Nf6 3. Bg2 e6 4. Nf3 Be7 5. 0-0 0-0 6. b3 Ne4 7. Nfd2 d5 8. Nxe4 fxe4 9. f3 exf3 10. exf3 Bf6 11. Ba3 Re8 12. f4 Na6 13. c3 Bd7 14. b4 c6 15. Nd2 Nc7 16. Nf3 a5 17. bxa5 Rxa5 18. Bb4 Ra8 19. a4 Na6 20. Bd6 Qa5 21. Ne5 Red8 22. Qb3 Bc8 23. Ba3 c5 24. Rfc1 Rb8 25. Qb5 Qc7 26. Rab1 Bxe5 27. fxe5 Bd7 28. Qb6 Rdc8 29. a5 Qc6 30. Bf1 Qxb6 31. Rxb6 cxd4 32. cxd4 Rxc1 33. Bxc1 Rc8 34. Ba3 Bc6 35. Bxa6 bxa6 36. Rxa6 Kf7 37. Bc5 h5 38. Rb6 Ke8 39. a6 Kd7 40. Bd6 Ba8 41. Rb7+ 1-0

[Event "Oberliga Sued W 1718"]
[Site "Germany"]
[Date "2018.01.21"]
[Round "7.3"]
[White "Gross, Georg"]
[Black "Ollenberger, Roland"]
[Result "1/2-1/2"]
[WhiteElo "2237"]
[BlackElo "2287"]
[PlyCount "104"]
[EventDate "2017.09.10"]
[EventType "team-tourn"]
[EventRounds "11"]
[EventCountry "GER"]
[SourceTitle "EXT 2019"]
[Source "ChessBase"]
[SourceDate "2018.10.10"]
[SourceVersion "1"]
[SourceVersionDate "2018.10.10"]
[SourceQuality "1"]
[WhiteTeam "Saarbruecken Gambit"]
[BlackTeam "Worms"]
[WhiteTeamCountry "GER"]
[BlackTeamCountry "GER"]

1. d4 d6 2. g3 e5 3. dxe5 dxe5 4. Qxd8+ Kxd8 5. Nc3 Be6 6. f4 Nd7 7. Nf3 f6 8. fxe5 Nxe5 9. Bf4 Ng6 10. 0-0-0+ Kc8 11. Nd4 Bd7 12. Be3 Bc5 13. Bg2 Ne5 14. Rhf1 Ne7 15. Kb1 Re8 16. Nf5 Bxe3 17. Nxe3 f5 18. Bh3 g6 19. Ned5 Nxd5 20. Nxd5 Nc4 21. Rf4 Nd6 22. e3 Bc6 23. Nf6 Rxe3 24. Nxh7 Kd7 25. Rh4 Ke7 26. Ng5 Kf6 27. Nh7+ Kg7 28. Ng5 Rh8 29. Rxh8 Kxh8 30. Bf1 Kg7 31. Kc1 Kh6 32. Kd2 Re7 33. h4 Ne4+ 34. Nxe4 Rxe4 35. Be2 Kg7 36. Rf1 Rd4+ 37. Ke3 Rb4 38. b3 Re4+ 39. Kd3 Re6 40. Bf3 Be4+ 41. Bxe4 Rxe4 42. Rf3 Rg4 43. a4 a5 44. Ke2 Kf6 45. Rc3 c6 46. Kf3 Rd4 47. Rc5 Rd2 48. Ke3 Rg2 49. Kf3 Rh2 50. Kf4 Re2 51. Kf3 Rh2 52. Kf4 Rf2+ 1/2-1/2

[Event "Oberliga Sued W 1516"]
[Site "Germany"]
[Date "2016.01.17"]
[Round "5.4"]
[White "Gross, Georg"]
[Black "Friedrich, Marius"]
[Result "1/2-1/2"]
[WhiteElo "2273"]
[BlackElo "2084"]
[PlyCount "126"]
[EventDate "2015.09.20"]
[EventType "team-tourn"]
[EventRounds "9"]
[EventCountry "GER"]
[SourceTitle "CBM 170 Extra"]
[Source "ChessBase"]
[SourceDate "2016.02.25"]
[SourceVersion "1"]
[SourceVersionDate "2016.02.25"]
[SourceQuality "1"]
[WhiteTeam "Saarbruecken Gambit"]
[BlackTeam "Gau Algesheim"]
[WhiteTeamCountry "GER"]
[BlackTeamCountry "GER"]

1. d4 d5 2. Nf3 Nf6 3. c4 c6 4. Nc3 dxc4 5. g3 e6 6. Bg2 Nbd7 7. 0-0 Be7 8. a4 0-0 9. a5 a6 10. Qa4 c5 11. Qxc4 cxd4 12. Nxd4 Ne5 13. Qa4 Bd7 14. Qb3 Nc6 15. Nxc6 Bxc6 16. Bxc6 bxc6 17. Rd1 Qb8 18. Qc4 Qb7 19. Na4 Qb5 20. Nb6 Rad8 21. Bd2 Bc5 22. Qxb5 cxb5 23. Be1 h5 24. Rdc1 Bd4 25. Rc2 Rfe8 26. e3 Be5 27. Kf1 Rd3 28. Ke2 Rb3 29. Rb1 Rd8 30. f4 Bd6 31. Rd1 Ne4 32. Nc8 Kf8 33. Na7 Ke8 34. Nc6 Rc8 35. Kf3 f5 36. Rdc1 Bc5 37. Rxc5 Nxc5 38. Rxc5 Rxb2 39. h3 b4 40. g4 hxg4+ 41. hxg4 b3 42. Rc3 Rc2 43. Rxb3 fxg4+ 44. Kxg4 R8xc6 45. Rd3 R2c4 46. Kf3 e5 47. fxe5 Ke7 48. Rd5 Ke6 49. Rd8 Kxe5 50. Re8+ Re6 51. Bg3+ Kf5 52. Rd8 g5 53. Rd5+ Kg6 54. Be5 Rb4 55. Bc7 Rf6+ 56. Kg3 Rb5 57. Rd8 Kf5 58. Rg8 Ke4 59. Re8+ Kd3 60. Kg4 Rc6 61. Bb6 Rc4+ 62. Kg3 Rc6 63. Kg4 Rc4+ 1/2-1/2

[Event "Oberliga Sued W 1112"]
[Site "Germany"]
[Date "2012.03.18"]
[Round "8"]
[White "Gross, Georg"]
[Black "Klein, Joachim"]
[Result "1-0"]
[WhiteElo "2310"]
[BlackElo "2248"]
[PlyCount "45"]
[EventDate "2011.09.25"]
[EventType "team-tourn"]
[EventRounds "9"]
[EventCountry "GER"]
[SourceTitle "EXT 2013"]
[Source "ChessBase"]
[SourceDate "2012.11.22"]
[SourceVersion "1"]
[SourceVersionDate "2012.11.22"]
[SourceQuality "1"]
[WhiteTeam "Saarbruecken Gambit"]
[BlackTeam "Illingen"]
[WhiteTeamCountry "GER"]
[BlackTeamCountry "GER"]

1. d4 d5 2. Nf3 Nf6 3. c4 c6 4. Nc3 dxc4 5. g3 e6 6. Bg2 Nbd7 7. 0-0 Be7 8. a4 0-0 9. Nd2 e5 10. Nxc4 exd4 11. Qxd4 Bc5 12. Qh4 Qe7 13. a5 Ne5 14. Nxe5 Qxe5 15. a6 Qe6 16. axb7 Bxb7 17. Bh3 Qb3 18. Bf5 Bc8 19. Bd3 Qb4 20. Bf4 h6 21. Ra4 Qxb2 22. Be5 Nd7 23. Bxg7 1-0

[Event "Oberliga Sued W 1112"]
[Site "Germany"]
[Date "2012.01.15"]
[Round "5"]
[White "Gross, Georg"]
[Black "Mueller, Marco"]
[Result "0-1"]
[WhiteElo "2310"]
[BlackElo "2187"]
[PlyCount "80"]
[EventDate "2011.09.25"]
[EventType "team-tourn"]
[EventRounds "9"]
[EventCountry "GER"]
[SourceTitle "EXT 2013"]
[Source "ChessBase"]
[SourceDate "2012.11.22"]
[SourceVersion "1"]
[SourceVersionDate "2012.11.22"]
[SourceQuality "1"]
[WhiteTeam "Saarbruecken Gambit"]
[BlackTeam "Schott Mainz II"]
[WhiteTeamCountry "GER"]
[BlackTeamCountry "GER"]

1. d4 d6 2. g3 g6 3. Bg2 Bg7 4. Nf3 f5 5. 0-0 Nf6 6. b3 0-0 7. Bb2 Ne4 8. Nbd2 Nc6 9. e3 Nxd2 10. Qxd2 e5 11. dxe5 dxe5 12. Rfd1 Qe7 13. a4 Rd8 14. Qe2 Rxd1+ 15. Rxd1 e4 16. Nd4 Ne5 17. Kh1 a6 18. f4 Ng4 19. h3 Nf6 20. Qc4+ Qf7 21. Bf1 Nd5 22. Bc1 c6 23. b4 Bd7 24. Qb3 b5 25. c4 Nb6 26. cxb5 cxb5 27. axb5 Qxb3 28. Nxb3 Bxb5 29. Bxb5 axb5 30. Na5 Rc8 31. Nb7 Na4 32. Rd8+ Rxd8 33. Nxd8 Nb6 34. Nc6 Nc4 35. Na7 Nd6 36. Kg2 Kf7 37. Kf2 Ke6 38. Nc6 Bc3 39. Ba3 Nc4 40. Bc1 Kd7 0-1

[Event "Oberliga Sued W 1011"]
[Site "Germany"]
[Date "2010.10.10"]
[Round "1.2"]
[White "Gross, Georg"]
[Black "Adocchio, Giampiero"]
[Result "1-0"]
[WhiteElo "2266"]
[BlackElo "2196"]
[PlyCount "89"]
[EventDate "2010.10.10"]
[EventType "team-tourn"]
[EventRounds "9"]
[EventCountry "GER"]
[SourceTitle "EXT 2012"]
[Source "ChessBase"]
[SourceDate "2011.11.24"]
[SourceVersion "1"]
[SourceVersionDate "2011.11.24"]
[SourceQuality "1"]
[WhiteTeam "Saarbruecken Gambit"]
[BlackTeam "Frankenthal"]
[WhiteTeamCountry "GER"]
[BlackTeamCountry "GER"]

1. d4 Nf6 2. Nf3 g6 3. g3 Bg7 4. Bg2 0-0 5. 0-0 d6 6. c4 Nc6 7. d5 Na5 8. Nfd2 Nd7 9. Qc2 c6 10. Nc3 Ne5 11. b3 cxd5 12. cxd5 Bf5 13. e4 Bd7 14. Bb2 Rc8 15. Nf3 Nxf3+ 16. Bxf3 Qb6 17. Qd2 Qb4 18. Rfc1 Rc7 19. Rc2 Rfc8 20. Nd1 Qxd2 21. Rxd2 Bh6 22. Ne3 Bxe3 23. fxe3 f6 24. Be2 b6 25. Ba6 Nb7 26. Bd4 Rb8 27. b4 Nd8 28. Rdd1 Bc8 29. Bd3 Bb7 30. a4 Rbc8 31. a5 bxa5 32. bxa5 a6 33. Rab1 Kg7 34. Bb6 Rd7 35. Bf1 Nf7 36. Bh3 Rdc7 37. Bxc8 Rxc8 38. Bd4 Ba8 39. Rdc1 Re8 40. h4 e6 41. Rc7 exd5 42. Rf1 Re6 43. g4 g5 44. hxg5 Kg6 45. Rc8 1-0

[Event "Oberliga Sued W 0910"]
[Site "Germany"]
[Date "2010.03.21"]
[Round "8.1"]
[White "Gross, Georg"]
[Black "Nesterov, Evgenij"]
[Result "1/2-1/2"]
[WhiteElo "2350"]
[BlackElo "2291"]
[PlyCount "93"]
[EventDate "2009.10.18"]
[EventType "team-tourn"]
[EventRounds "9"]
[EventCountry "GER"]
[SourceTitle "EXT 2011"]
[Source "ChessBase"]
[SourceDate "2010.11.26"]
[SourceVersion "1"]
[SourceVersionDate "2010.11.26"]
[SourceQuality "1"]
[WhiteTeam "Saarbruecken"]
[BlackTeam "Heidesheim"]
[WhiteTeamCountry "GER"]
[BlackTeamCountry "GER"]

1. d4 Nf6 2. Nf3 e6 3. g3 b6 4. Bg2 Bb7 5. 0-0 Be7 6. c4 0-0 7. d5 exd5 8. Nh4 c6 9. cxd5 Nxd5 10. Nf5 Bf6 11. Re1 Nc7 12. e4 d5 13. e5 Bc8 14. g4 Be7 15. Nc3 Nba6 16. Bf4 Bd7 17. a3 f6 18. Nxd5 cxd5 19. Bxd5+ Kh8 20. Bxa8 Bxf5 21. Qxd8 Bxd8 22. gxf5 fxe5 23. Bxe5 Nxa8 24. Rad1 Rg8 25. b4 N8c7 26. Rd7 Nb8 27. Rxd8 Rxd8 28. Bxc7 Rc8 29. Bxb8 Rxb8 30. b5 h5 31. Re7 Ra8 32. Rb7 a6 33. a4 axb5 34. axb5 Rf8 35. Rxb6 Rxf5 36. Kg2 Kh7 37. Rb8 Kg6 38. b6 Rf6 39. b7 Rf7 40. Kg3 Kg5 41. f4+ Kg6 42. Kf3 Kf5 43. h3 h4 44. Ke3 Re7+ 45. Kd4 Rf7 46. Ke3 Re7+ 47. Kf3 1/2-1/2

[Event "Oberliga Sued W 0910"]
[Site "Germany"]
[Date "2010.02.07"]
[Round "6.1"]
[White "Fritsche, Lutz"]
[Black "Gross, Georg"]
[Result "0-1"]
[WhiteElo "2351"]
[BlackElo "2350"]
[PlyCount "92"]
[EventDate "2009.10.18"]
[EventType "team-tourn"]
[EventRounds "9"]
[EventCountry "GER"]
[SourceTitle "EXT 2011"]
[Source "ChessBase"]
[SourceDate "2010.11.26"]
[SourceVersion "1"]
[SourceVersionDate "2010.11.26"]
[SourceQuality "1"]
[WhiteTeam "Koblenz 25"]
[BlackTeam "Saarbruecken"]
[WhiteTeamCountry "GER"]
[BlackTeamCountry "GER"]

1. e4 Nc6 2. d4 d5 3. Nc3 Nf6 4. e5 Ng8 5. Be3 Bf5 6. g4 Bg6 7. Nge2 e6 8. Nf4 Qd7 9. h4 f6 10. exf6 gxf6 11. Nxg6 hxg6 12. Qd3 Qf7 13. 0-0-0 0-0-0 14. Bg2 Bb4 15. Ne2 Nge7 16. c4 dxc4 17. Qxc4 Nd5 18. Nf4 Na5 19. Bxd5 Nxc4 20. Bxe6+ Qxe6 21. Nxe6 Rde8 22. Nf4 Rhg8 23. Nd5 Be7 24. Bf4 Bd8 25. b3 Nb6 26. Nxb6+ axb6 27. Rde1 Rxe1+ 28. Rxe1 Rh8 29. Bg3 Kd7 30. Kd2 b5 31. Rh1 Be7 32. h5 Bf8 33. Rh2 gxh5 34. gxh5 Bh6+ 35. Kd3 c6 36. Rh4 Bg5 37. Rh2 Ke6 38. Ke4 f5+ 39. Kf3 f4 40. Bh4 Rxh5 41. Kg4 Rxh4+ 42. Rxh4 Bxh4 43. Kxh4 Kd5 44. Kg4 Kxd4 45. Kxf4 c5 46. Kf3 Kd3 0-1

[Event "Oberliga Sued W 0910"]
[Site "Germany"]
[Date "2009.11.15"]
[Round "2.1"]
[White "Machelett, Heiko"]
[Black "Gross, Georg"]
[Result "1-0"]
[WhiteElo "2426"]
[BlackElo "2350"]
[PlyCount "53"]
[EventDate "2009.10.18"]
[EventType "team-tourn"]
[EventRounds "9"]
[EventCountry "GER"]
[SourceTitle "EXT 2011"]
[Source "ChessBase"]
[SourceDate "2010.11.26"]
[SourceVersion "1"]
[SourceVersionDate "2010.11.26"]
[SourceQuality "1"]
[WhiteTeam "Mutterstadt"]
[BlackTeam "Saarbruecken"]
[WhiteTeamCountry "GER"]
[BlackTeamCountry "GER"]

1. Nf3 b6 2. g3 Bb7 3. Bg2 f5 4. 0-0 Nf6 5. c4 e6 6. Nc3 Be7 7. d4 0-0 8. d5 Qc8 9. Nd4 c5 10. Nf3 Na6 11. a3 exd5 12. cxd5 d6 13. Bh3 Nc7 14. e4 Ng4 15. Bf4 Qd7 16. Ng5 Qd8 17. Ne6 Nxe6 18. dxe6 Nf6 19. Bxf5 g6 20. Bh3 Nxe4 21. Nd5 Bxd5 22. Qxd5 Nf6 23. Qb7 Rb8 24. Qxa7 Ne4 25. Bg2 Ng5 26. h4 Nxe6 27. Bd5 1-0

[Event "GER-ch 80th"]
[Site "Saarbruecken"]
[Date "2009.02.14"]
[Round "9"]
[White "Siebrecht, Sebastian"]
[Black "Gross, Georg"]
[Result "1-0"]
[WhiteElo "2440"]
[BlackElo "2351"]
[PlyCount "79"]
[EventDate "2009.02.06"]
[EventType "swiss"]
[EventRounds "9"]
[EventCountry "GER"]
[SourceTitle "CBM 128 Extra"]
[Source "ChessBase"]
[SourceDate "2009.03.05"]
[SourceVersion "2"]
[SourceVersionDate "2009.03.25"]
[SourceQuality "1"]

1. d4 f5 2. g3 Nf6 3. Bg2 e6 4. c4 Be7 5. Nc3 0-0 6. Nh3 d6 7. Nf4 c6 8. Nd3 Nbd7 9. 0-0 e5 10. c5 exd4 11. Nf4 Nxc5 12. Qxd4 d5 13. Na4 Nfe4 14. Nxc5 Bxc5 15. Qa4 Qe7 16. Nd3 Bb6 17. Qc2 Bd7 18. b3 Bd4 19. Bb2 Bxb2 20. Qxb2 Rfe8 21. Rac1 b6 22. b4 Rac8 23. Rfd1 g5 24. Qb3 Qf6 25. b5 Kh8 26. bxc6 Bxc6 27. Nb4 Red8 28. Bxe4 fxe4 29. Nxd5 Qe5 30. Ne3 Be8 31. Rxc8 Rxc8 32. Ng4 Qe7 33. Rd5 h5 34. Qb2+ Qg7 35. Ne5 h4 36. h3 hxg3 37. fxg3 Kh7 38. Qd4 Rc7 39. Qxe4+ Bg6 40. Qg4 1-0

[Event "GER-ch 80th"]
[Site "Saarbruecken"]
[Date "2009.02.10"]
[Round "5"]
[White "Gross, Georg"]
[Black "Zelbel, Patrick"]
[Result "0-1"]
[WhiteElo "2351"]
[BlackElo "2294"]
[PlyCount "52"]
[EventDate "2009.02.06"]
[EventType "swiss"]
[EventRounds "9"]
[EventCountry "GER"]
[SourceTitle "CBM 128 Extra"]
[Source "ChessBase"]
[SourceDate "2009.03.05"]
[SourceVersion "2"]
[SourceVersionDate "2009.03.25"]
[SourceQuality "1"]

1. d4 Nf6 2. Nf3 g6 3. g3 Bg7 4. Bg2 0-0 5. 0-0 d6 6. c4 Nc6 7. d5 Na5 8. Nfd2 c5 9. a3 Nd7 10. Ra2 Ne5 11. Qc2 Bf5 12. e4 Bd7 13. b3 b5 14. Bb2 bxc4 15. bxc4 Rb8 16. Bc3 Qb6 17. f4 Nexc4 18. Bxg7 Nxd2 19. Rb2 Qc7 20. Bxf8 Nxf1 21. Rxb8 Qxb8 22. Qc3 f6 23. Bxf1 Qxb1 24. Kf2 Kxf8 25. Qxa5 Qxe4 26. Qxa7 Qd4+ 0-1

[Event "GER-ch 80th"]
[Site "Saarbruecken"]
[Date "2009.02.08"]
[Round "3"]
[White "Gross, Georg"]
[Black "Oberhofer, Andre"]
[Result "1/2-1/2"]
[WhiteElo "2351"]
[BlackElo "2202"]
[PlyCount "20"]
[EventDate "2009.02.06"]
[EventType "swiss"]
[EventRounds "9"]
[EventCountry "GER"]
[SourceTitle "CBM 128 Extra"]
[Source "ChessBase"]
[SourceDate "2009.03.05"]
[SourceVersion "2"]
[SourceVersionDate "2009.03.25"]
[SourceQuality "1"]

1. d4 d5 2. Nf3 Nf6 3. c4 e6 4. Nc3 Be7 5. Bg5 0-0 6. e3 Nbd7 7. Rc1 c6 8. Bd3 dxc4 9. Bxc4 Nd5 10. Bxe7 Qxe7 1/2-1/2

[Event "Oberliga Sued W 0809"]
[Site "Germany"]
[Date "2008.10.26"]
[Round "2.2"]
[White "Gross, Georg"]
[Black "Koch, Hans Juergen"]
[Result "1/2-1/2"]
[WhiteElo "1871"]
[BlackElo "1950"]
[PlyCount "48"]
[EventDate "2008.10.05"]
[EventType "team-tourn"]
[EventRounds "11"]
[EventCountry "GER"]
[SourceTitle "EXT 2012"]
[Source "ChessBase"]
[SourceDate "2011.11.24"]
[SourceVersion "1"]
[SourceVersionDate "2011.11.24"]
[SourceQuality "1"]
[WhiteTeam "Saarbruecken Gambit"]
[BlackTeam "Kaiserslautern"]
[WhiteTeamCountry "GER"]
[BlackTeamCountry "GER"]

1. d4 d6 2. g3 c6 3. Bg2 Nd7 4. Nf3 e5 5. dxe5 dxe5 6. 0-0 Be7 7. Nbd2 Qc7 8. Nc4 Ngf6 9. b3 Nd5 10. Bb2 f6 11. e4 N5b6 12. Ne3 Nc5 13. Nd2 Be6 14. Qe2 Ncd7 15. Bh3 Bf7 16. a4 Nc5 17. a5 Nbd7 18. Rfd1 g6 19. Ba3 h5 20. Ndc4 Rd8 21. Qf3 0-0 22. Rd2 Kg7 23. Rad1 Nb8 24. Bf1 b5 1/2-1/2

[Event "Prague op-A 07th"]
[Site "Prague"]
[Date "2008.01.15"]
[Round "6"]
[White "Zvara, Petr"]
[Black "Gross, Georg"]
[Result "1-0"]
[WhiteElo "2398"]
[BlackElo "2303"]
[PlyCount "43"]
[EventDate "2008.01.11"]
[EventType "swiss"]
[EventRounds "9"]
[EventCountry "CZE"]
[SourceTitle "CBM 122 Extra"]
[Source "ChessBase"]
[SourceDate "2008.03.04"]
[SourceVersion "1"]
[SourceVersionDate "2008.03.04"]
[SourceQuality "1"]

1. e4 d5 2. exd5 Qxd5 3. Nc3 Qd6 4. d4 Nf6 5. Nf3 a6 6. g3 Bf5 7. Bg2 Nc6 8. 0-0 e6 9. Bf4 Qb4 10. Bxc7 Rc8 11. Bf4 Qxb2 12. Na4 Qb4 13. c3 Qa5 14. c4 Nb4 15. Nc5 Bxc5 16. dxc5 0-0 17. Bd6 Rfd8 18. Nd4 Ne4 19. Bxe4 Bxe4 20. Qe1 Rxd6 21. cxd6 Qe5 22. Nf3 1-0